| 000 | 00349nam a22001337a 4500 | ||
|---|---|---|---|
| 020 | _a0-85229-378-X | ||
| 082 | _a032 ENC'B | ||
| 100 |
_aBRITANNICA _976203 |
||
| 245 | _aTHE NEW ENCYCLOPEDIA BRITANNICA MICROPAEDIA VOLUME VIII READY REFERENCE AND INDEX | ||
| 250 | _a15TH | ||
| 260 |
_aCHICAGO _bBRITANNICA _c1981 |
||
| 300 | _a30VOL | ||
| 942 | _cBK | ||
| 999 |
_c581607 _d581607 |
||